Guidelines for establishing the suitability of food microbiology methods
Αποθηκεύτηκε σε:
| Συγγραφή απο Οργανισμό/Αρχή: | |
|---|---|
| Μορφή: | Βιβλίο |
| Γλώσσα: | English |
| Δημοσίευση: |
Chipping Campden :
Campden & Chorleywood Food Research Association Group,
2001
|
| Σειρά: | Guideline (Campden & Chorleywood Food Research Association Group)
; 29 |
| Θέματα: | |
| Ετικέτες: |
Προσθήκη ετικέτας
Δεν υπάρχουν, Καταχωρήστε ετικέτα πρώτοι!
|
MARC
| LEADER | 00000nam a2200000 i 4500 | ||
|---|---|---|---|
| 001 | 1/95408 | ||
| 008 | 081014s2001 eng d | ||
| 020 | |a 0-905942-34-5 | ||
| 035 | |l 10100887 | ||
| 040 | |a GR-MY-UA |b gre |e aacr | ||
| 041 | 0 | |a eng | |
| 082 | 0 | |a 664.001579 |2 (22) | |
| 245 | 1 | 0 | |a Guidelines for establishing the suitability of food microbiology methods / |c edited by C.L. Baylis ... [κ.ά.] |
| 260 | |a Chipping Campden : |b Campden & Chorleywood Food Research Association Group, |c 2001 | ||
| 300 | |a vi, 72 σ.; |b εικ.; |c 30 εκ. | ||
| 490 | 1 | |a Guideline |v ; 29 | |
| 650 | 0 | 0 | |a Food |x Microbiology |x Mathematical models. |
| 710 | 2 | |a Campden & Chorleywood Food Research Association. | |
| 830 | 0 | |a Guideline (Campden & Chorleywood Food Research Association Group) |v ; 29 | |
| 852 | |a INST |b LESVOS |e 20081014 |h 664.001579 GUI |p 005100043268 |q 005100043268 |t BK |y 0 | ||
| 901 | |a BIBL1-2008-3 | ||
| 909 | |a Λ |b 145110 | ||
| 922 | |a 1ΕΛΗ |b 200801 |c ΕΠΕΑΕΚ2/ΤΕΘ |d ΕΛΕΥΘΕΡΟΥΔΑΚΗΣ | ||
| 970 | |a ΚΑΡΑ |b ΓΙΑΣΕΜΗ |z 2008/10/14 | ||